logo

Bir Sreshtho Munshi Abdur Rouf Library
Jhenaidah Cadet College

মুসলিম চিত্রকলা / (Record no. 8449)

MARC details
000 -LEADER
fixed length control field 00673nam a22002177a 4500
001 - CONTROL NUMBER
JCCL Control Number 8449
003 - CONTROL NUMBER IDENTIFIER
JCCL marc code BD-JhCC
005 - DATE AND TIME OF LATEST TRANSACTION
control field 20180224192508.0
008 - FIXED-LENGTH DATA ELEMENTS--GENERAL INFORMATION
fixed length control field 180224s1979 bg |||| |||| 00| 0 ben d
035 ## - SYSTEM CONTROL NUMBER
system control number (BD-JhCC) 8449
040 ## - CATALOGING SOURCE
Original cataloging agency BD-JhCC
Modifying agency BD-JhCC
041 ## - LANGUAGE CODE
Language code of Book ben
082 ## - DEWEY DECIMAL CLASSIFICATION NUMBER
Author mark and Year HAS 1979
Classification number 709
100 ## - MAIN ENTRY--PERSONAL NAME
Personal name হাসান, সৈয়দ মাহমুদূল
245 ## - TITLE STATEMENT
Title মুসলিম চিত্রকলা /
Statement of responsibility, etc সৈয়দ মাহমুদূল হাসান
260 ## - PUBLICATION, DISTRIBUTION, ETC. (IMPRINT)
Place of publication, distribution, etc ঢাকা :
Name of publisher, distributor, etc বাংলা একাডেমী,
Date of publication, distribution, etc HAS 1979
300 ## - PHYSICAL DESCRIPTION
Pagination 564 p;
Dimensions 22 cm
650 ## - SUBJECT ADDED ENTRY--TOPICAL TERM
Topical term or geographic name as entry element Muslim Painting
942 ## - ADDED ENTRY ELEMENTS (KOHA)
Source of classification or shelving scheme Dewey Decimal Classification
Koha item type Books
Holdings
Source of classification or shelving scheme Damaged status Not for loan Home library Current library Shelving location Date of accession Cost, normal purchase price Total Checkouts Full call number Barcode Date last seen Copy number Koha item type
Dewey Decimal Classification     JCC Rouf Library JCC Rouf Library General Stacks 02/24/2018 52.00   709 HAS 1979 10706 02/24/2018 C-1 Books

JCC Library | Contacts | JCC Home

Last Update on 23 September 2017
Copyright @ 2017-2020 JCC Rouf Library
Rouf Library, Jhenidah Cadet College (JCC), Bangladesh